Ground water assessment (Record no. 76019)
[ view plain ]
| 000 -LEADER | |
|---|---|
| fixed length control field | 00877nam a2200169 a 4500 |
| 008 - FIXED-LENGTH DATA ELEMENTS--GENERAL INFORMATION | |
| fixed length control field | 120416s1999 ||||||||||||||||| || u |
| 020 ## - INTERNATIONAL STANDARD BOOK NUMBER | |
| International Standard Book Number | 0074517120 |
| 050 ## - LIBRARY OF CONGRESS CALL NUMBER | |
| Classification number | GB 1197.7 Kar |
| 100 ## - MAIN ENTRY--PERSONAL NAME | |
| Personal name | Karanth, K. R |
| 245 10 - TITLE STATEMENT | |
| Title | Ground water assessment |
| 246 ## - | |
| -- | development and management |
| 260 ## - PUBLICATION, DISTRIBUTION, ETC. | |
| Place of publication, distribution, etc. | New Delhi |
| Name of publisher, distributor, etc. | Tata McGraw-Hill |
| Date of publication, distribution, etc. | 1999 |
| 350 ## - | |
| -- | 0.00 |
| 995 ## - | |
| -- | MAIN LIBRARY OPEN ACCESS |
| -- | 0.00 |
| -- | 732261 |
| -- | CBU-MAIN LIBRARY (Kitwe) |
| -- | 3 |
| -- | 60.00 |
| -- | GB 1197.7 Kar |
| -- | 3 |
| -- | AVAILABLE |
| -- | Feb 22, 2007 |
| -- | 029753 |
| -- | Main Library Open Access Collection |
| 995 ## - | |
| -- | BINDERY (DAMAGED) |
| -- | 0.00 |
| -- | 732262 |
| -- | CBU-MAIN LIBRARY (Kitwe) |
| -- | 1 |
| -- | 60.00 |
| -- | GB 1197.7 Kar |
| -- | 1 |
| -- | DAMAGED |
| -- | Feb 22, 2007 |
| -- | 029751 |
| -- | Main Library Open Access Collection |
| 995 ## - | |
| -- | MAIN LIBRARY OPEN ACCESS |
| -- | 0.00 |
| -- | 732263 |
| -- | CBU-MAIN LIBRARY (Kitwe) |
| -- | 2 |
| -- | 60.00 |
| -- | GB 1197.7 Kar |
| -- | 2 |
| -- | AVAILABLE |
| -- | Feb 22, 2007 |
| -- | 029752 |
| -- | Main Library Open Access Collection |
| 999 ## - | |
| -- | 76019 |
| -- | 76019 |
| Withdrawn status | Lost status | Source of classification or shelving scheme | Damaged status | Not for loan | Permanent Location | Current Location | Shelving location | Date acquired | Total Checkouts | Full call number | Barcode | Date last seen | Copy number | Price effective from | Koha item type |
|---|---|---|---|---|---|---|---|---|---|---|---|---|---|---|---|
| CBU-MAIN LIBRARY, KITWE. | CBU-MAIN LIBRARY, KITWE. | 04/25/2023 | GB 1197.7 Kar | 029753 | 04/25/2023 | 1 | 04/25/2023 | MONOGRAPH | |||||||
| CBU-MAIN LIBRARY, KITWE. | CBU-MAIN LIBRARY, KITWE. | 04/25/2023 | GB 1197.7 Kar | 029751 | 04/25/2023 | 2 | 04/25/2023 | MONOGRAPH | |||||||
| CBU-MAIN LIBRARY, KITWE. | CBU-MAIN LIBRARY, KITWE. | 04/25/2023 | GB 1197.7 Kar | 029752 | 04/25/2023 | 3 | 04/25/2023 | MONOGRAPH |